The Teller of Jaler/ (Record no. 78420)

MARC details
000 -LEADER
fixed length control field 00624nam a22002057a 4500
005 - DATE AND TIME OF LATEST TRANSACTION
control field 20130816114650.0
010 ## - LCCN (DPL NO)
LC control number B-504805
020 ## - INTERNATIONAL STANDARD BOOK NUMBER
International Standard Book Number 9780143419686
Terms of availability 299.00
035 ## - SYSTEM CONTROL NUMBER
System control number B-504805
037 ## - SOURCE OF ACQUISITION
Stock number dpl
Source of stock number/acquisition KKP/VEN
082 ## - DEWEY DECIMAL CLASSIFICATION NUMBER
Classification number N
100 ## - MAIN ENTRY--PERSONAL NAME
Personal name Ghose, Bhaskar
245 ## - TITLE STATEMENT
Title The Teller of Jaler/
Statement of responsibility, etc by Bhasker Ghose
260 ## - PUBLICATION, DISTRIBUTION, ETC. (IMPRINT)
Place of publication, distribution, etc New Delhi
Name of publisher, distributor, etc Penguin
Date of publication, distribution, etc 2012
270 ## - ADDRESS
Address 11 community centre, panchsheel park
City New Delhi
Postal code 110017
300 ## - PHYSICAL DESCRIPTION
Extent 265p.
Dimensions 15cm.(pbk)
500 ## - GENERAL NOTE
General note include acknowledgments
942 ## - ADDED ENTRY ELEMENTS (KOHA)
Source of classification or shelving scheme Dewey Decimal Classification
Item type English Books
Call number suffix GHO
Classification part N
Holdings
Withdrawn status Lost status Not for loan Collection code Home library Current library Date acquired Source of acquisition Cost, normal purchase price Full call number Barcode Copy number Cost, replacement price Koha item type
      Fiction Central Library Central Library 16/08/2013 KKP/BL2985/11.03.013/17/11.03.2013/0.03.2013 299.00 N GHO B-504805 1 299.00 English Books

© Delhi Public Library
Hit Counter
free hit counter